000 00717nam a2200157 i 4500
001 165602
003 ES-MaACL
005 20230906213154.0
008 020511s1863 sp |||| | spa d
100 1 _aSotos Ochando, Bonifacio.
_9107547
245 1 0 _aCartilla de la lengua universal
_b: va precedida de un método práctico para prepararse al estudio de esta lengua en poquísimo tiempo /
_cpor Bonifacio Sotos Ochando.
260 _aMadrid :
_b[s.n.],
_c1863 (
_fImp. de J. Martín Alegría)
300 _a47 p. ;
_c19 cm.
650 4 _aLenguas artificiales.
_9136381
852 _aES-MaACL
_jT-719-F-4
_z- Enc. hol., conservando cub. original
_z. - Ex-libris ms. de Gustavo Sáenz Díez
_z- Enc. en un vol. facticio
999 _c165602
_d165602